000 00643nam a2200241Ia 4500
003 OSt
005 20221005132544.0
006 a|||||r|||| 00| 0
007 ta
008 221004b |||||||| |||| 00| 0 eng d
024 _a59183
037 _cTextual
040 _aCRL
_cCRL
_beng
041 _2eng
_aeng
082 _aU8:49:M8, A.1
100 _aSchuyler Eugene
_995361
245 0 _aTurkistan
_b Notes of a journey in Russian Turkistan Khokand Bukhara and Kuldja.v.1
250 _a4th
260 _c1800
650 _aGEOGRAPHY
942 _hU8:49:M8, A.1
_cTEXL
_2cc
999 _c1063990
_d1063990